[Event "IX Open"]
[Site "Condino ITA"]
[Date "2009.07.31"]
[Round "6"]
[White "Marguerettaz, Davy"]
[Black "Salvo, Guglielmo"]
[Result "1-0"]
[WhiteElo "2048"]
[BlackElo "1762"]
[PlyCount "59"]
[EventDate "2009.07.27"]

1. e4 e5 2. Bc4 Nf6 3. d4 Nc6 4. Nf3 Nxe4 5. dxe5 Bc5 6. Qd5 Bxf2+ 7. Ke2 O-O
8. Qxe4 Bb6 9. Bg5 Qe8 10. Nc3 d6 11. Bd3 f5 12. exf6 Qxe4+ 13. Nxe4 Re8 14.
Kd2 Bf5 15. f7+ Kxf7 16. Nxd6+ cxd6 17. Bxf5 h6 18. Bf4 g5 19. Bg3 Be3+ 20. Kd1
Kf6 21. Bd7 Re7 22. Bxc6 bxc6 23. Re1 Rae8 24. c3 h5 25. Kc2 d5 26. Kd3 c5 27.
Be5+ Kf5 28. Rxe3 g4 29. Nh4+ Kg5 30. Rae1 1-0

[Event "IX Open"]
[Site "Condino ITA"]
[Date "2009.07.31"]
[Round "6"]
[White "Moro, Roberto"]
[Black "Ravazzolo, Gildo"]
[Result "0-1"]
[WhiteElo "1781"]
[BlackElo "1503"]
[PlyCount "56"]
[EventDate "2009.07.27"]

1. e4 d6 2. f4 c5 3. Nf3 Nc6 4. Bc4 e6 5. O-O Nge7 6. Nc3 g6 7. a4 Bg7 8. d3
O-O 9. h4 d5 10. exd5 exd5 11. Ba2 Bg4 12. Qe1 Bxf3 13. Rxf3 Nd4 14. Rf2 Ndf5
15. Re2 Qd7 16. g4 Nd4 17. Qg3 Nxe2+ 18. Nxe2 Nc6 19. c3 Rae8 20. Kf2 Re7 21.
Bd2 Rfe8 22. Re1 Na5 23. b3 c4 24. bxc4 dxc4 25. d4 Nb3 26. Bxb3 cxb3 27. h5 b2
28. Qd3 Qxg4 0-1

[Event "IX Open"]
[Site "Condino ITA"]
[Date "2009.07.31"]
[Round "6"]
[White "Pandini, Giuseppe"]
[Black "Gardi, Giuseppe"]
[Result "0-1"]
[WhiteElo "1715"]
[BlackElo "2017"]
[PlyCount "92"]
[EventDate "2009.07.27"]

1. f4 g6 2. Nf3 Bg7 3. e3 d5 4. Be2 c5 5. c3 Nf6 6. O-O O-O 7. d4 a5 8. Ne5 c4
9. Nd2 a4 10. Bf3 Bf5 11. Re1 b5 12. e4 Nxe4 13. Nxe4 Bxe4 14. Bxe4 dxe4 15.
Rxe4 Qd5 16. Re2 f6 17. Nf3 Nc6 18. Bd2 Rad8 19. Qc2 e5 20. dxe5 fxe5 21. fxe5
Nxe5 22. Nxe5 Bxe5 23. Rae1 Bg7 24. Qc1 Qh5 25. Bg5 Rd3 26. Re7 h6 27. Bf4 Qf5
28. Bg3 Bf6 29. R7e2 Bg5 30. Qb1 Rfd8 31. Bf2 Bf6 32. Be3 Bg7 33. Qc1 g5 34.
Bb6 R8d7 35. Be3 Qd5 36. g3 a3 37. bxa3 Rxc3 38. Qb1 Rd3 39. Bf2 Bc3 40. Rf1
Rf7 41. Qc1 Bd4 42. Qe1 Rdf3 43. Rd2 Bxf2+ 44. Rfxf2 Qc5 45. Rd8+ Kg7 46. Rdd2
c3 0-1

[Event "IX Open"]
[Site "Condino ITA"]
[Date "2009.07.31"]
[Round "6"]
[White "Panjkovic, Aleksandar"]
[Black "Giovannini, Roberto"]
[Result "1/2-1/2"]
[WhiteElo "2122"]
[BlackElo "1976"]
[PlyCount "114"]
[EventDate "2009.07.27"]

1. c4 c6 2. g3 d5 3. Nf3 Nf6 4. Bg2 Bf5 5. O-O e6 6. Qb3 Qb6 7. d3 Nbd7 8. Be3
Bc5 9. d4 Qxb3 10. axb3 Bd6 11. Nc3 O-O 12. c5 Bc7 13. b4 a6 14. Ra3 Rab8 15.
Nh4 Bg6 16. Nxg6 hxg6 17. f4 Ng4 18. Bd2 f5 19. Nd1 Ngf6 20. Nf2 Ne4 21. Bxe4
dxe4 22. Nh3 Nf6 23. Ng5 Rfe8 24. Kg2 Nd5 25. g4 Bd8 26. Nh3 Bf6 27. e3 Kf7 28.
g5 Bd8 29. Rfa1 Bc7 30. Nf2 Rh8 31. h3 Rh5 32. Rh1 Ke7 33. Nd1 Kd7 34. Ra4 Rh4
35. Nc3 Rh5 36. Nxd5 exd5 37. Be1 Rhh8 38. Bf2 Rh5 39. Rc1 Rhh8 40. Be1 Rh5 41.
Ra3 Rhh8 42. Ra2 Rh5 43. b5 axb5 44. Ra7 Rhh8 45. Rca1 Rh5 46. Ra8 Rhh8 47.
Rxb8 Rxb8 48. Ra7 Ke7 49. Kg3 Kf7 50. h4 Bd8 51. Kh3 Bc7 52. Kg2 Bd8 53. Kf1
Ke8 54. Kg2 Kf7 55. Kh3 Bc7 56. Kg3 Bd8 57. Kh3 Bc7 1/2-1/2

[Event "IX Open"]
[Site "Condino ITA"]
[Date "2009.07.31"]
[Round "6"]
[White "Pedrotti, Luciano"]
[Black "Trifoni, Giorgio"]
[Result "1-0"]
[WhiteElo "1819"]
[BlackElo "1596"]
[PlyCount "77"]
[EventDate "2009.07.27"]

1. e4 b6 2. Nc3 Bb7 3. Nf3 e6 4. Be2 Ne7 5. O-O d6 6. d4 Nd7 7. Be3 g6 8. Bd3
Bg7 9. Ne2 Nf6 10. Ng3 a6 11. c3 h6 12. h3 Qd7 13. Re1 Nh7 14. Qd2 g5 15. Nh5
Bf8 16. e5 d5 17. Bxh7 O-O-O 18. Nf6 Qc6 19. Bd3 Ng8 20. Qe2 b5 21. Nxg8 Rxg8
22. Nh2 Be7 23. Qh5 Qe8 24. Ng4 Rh8 25. b3 c6 26. a4 Qf8 27. axb5 cxb5 28. c4
Bb4 29. Rec1 dxc4 30. bxc4 bxc4 31. Bxc4 Kb8 32. Bxa6 Ba3 33. Rcb1 Rd7 34. Nf6
Rc7 35. Rxb7+ Rxb7 36. Bxb7 Kxb7 37. Qf3+ Kc7 38. Rb1 Bb4 39. Rc1+ 1-0

[Event "IX Open"]
[Site "Condino ITA"]
[Date "2009.07.31"]
[Round "6"]
[White "Pepino, Enrico"]
[Black "Hortensius, Myrre"]
[Result "1-0"]
[WhiteElo "2110"]
[BlackElo "1773"]
[PlyCount "113"]
[EventDate "2009.07.27"]

1. e4 c5 2. Nf3 d6 3. d4 cxd4 4. Nxd4 Nf6 5. Nc3 a6 6. Be3 e6 7. f3 b5 8. Qd2
Nbd7 9. g4 Nb6 10. g5 Nfd7 11. Bd3 Bb7 12. O-O-O Rc8 13. h4 Be7 14. h5 Ne5 15.
g6 Nbc4 16. gxf7+ Kxf7 17. Qe2 Nxd3+ 18. Qxd3 Nxe3 19. Qxe3 Bf6 20. Rhg1 Qc7
21. Kb1 Rhd8 22. a3 Qc5 23. f4 Rc7 24. Rgf1 Ke7 25. Rfe1 h6 26. Qd2 Bxd4 27.
Qxd4 Qxd4 28. Rxd4 Rc5 29. Rg1 Kf7 30. e5 d5 31. Ne4 Rc7 32. Nd6+ Kg8 33. Rg6
Bc8 34. Rd2 Kh7 35. Rdg2 Rf8 36. R6g4 Rg8 37. c3 Rf8 38. R2g3 Rg8 39. Ka2 Rf8
40. Kb3 Rg8 41. Kb4 Bd7 42. Rg6 Ra7 43. Kc5 Raa8 44. Kd4 Raf8 45. Ke3 Rb8 46.
Rg1 Rb6 47. f5 exf5 48. Nxf5 Rxg6 49. hxg6+ Kh8 50. Nd6 Rf8 51. Kd4 Be6 52. Kc5
Rf2 53. Ne8 Rxb2 54. Kd6 Bg8 55. Nc7 Rc2 56. e6 Rxc3 57. e7 1-0

[Event "IX Open"]
[Site "Condino ITA"]
[Date "2009.07.31"]
[Round "6"]
[White "Popa, Claudiu"]
[Black "Dieli, Riccardo"]
[Result "1-0"]
[WhiteElo "2233"]
[BlackElo "1907"]
[PlyCount "55"]
[EventDate "2009.07.27"]

1. e4 c5 2. c3 d6 3. d4 cxd4 4. cxd4 g6 5. Nc3 Bg7 6. Be3 Nf6 7. f3 O-O 8. Bd3
Nc6 9. Nge2 a6 10. Rc1 e6 11. O-O Bd7 12. Qd2 Re8 13. b3 h5 14. Kh1 Nh7 15. f4
b5 16. Nd1 Rc8 17. a4 Qa5 18. axb5 Qxd2 19. Bxd2 Nxd4 20. Rxc8 Rxc8 21. Nxd4
Bxd4 22. bxa6 Bc6 23. Be3 Bxe3 24. Nxe3 Ba8 25. Nc4 Rc6 26. Ra1 Nf6 27. b4 d5
28. b5 1-0

[Event "IX Open"]
[Site "Condino ITA"]
[Date "2009.07.31"]
[Round "6"]
[White "Qendro, Llambi"]
[Black "Righi, Ezio"]
[Result "1-0"]
[WhiteElo "2349"]
[BlackElo "2111"]
[PlyCount "41"]
[EventDate "2009.07.27"]

1. d4 c5 2. d5 f5 3. Nf3 g6 4. g3 Bg7 5. Bg2 d6 6. O-O Nf6 7. c4 O-O 8. Nc3 Na6
9. Bg5 h6 10. Bd2 Nc7 11. Qc2 Qe8 12. Nh4 Rb8 13. e4 e6 14. dxe6 Bxe6 15. exf5
gxf5 16. Nxf5 Bxc4 17. Rfe1 Be6 18. Nxg7 Kxg7 19. Bf4 Qd7 20. Qd2 Rh8 21. Qxd6
1-0

[Event "IX Open"]
[Site "Condino ITA"]
[Date "2009.07.31"]
[Round "6"]
[White "Sanzani, Pierluigi"]
[Black "Bini, Lorenzo"]
[Result "1-0"]
[WhiteElo "1824"]
[BlackElo "1947"]
[PlyCount "115"]
[EventDate "2009.07.27"]

1. e4 g6 2. d4 Bg7 3. Nc3 d6 4. Be3 c6 5. Qd2 a6 6. h4 h5 7. f3 Nh6 8. Nh3 b5
9. Nf2 Nd7 10. O-O-O Qa5 11. Kb1 Rb8 12. g4 b4 13. Ne2 hxg4 14. fxg4 Nb6 15. g5
Nc4 16. Qd3 Nxe3 17. Qxe3 Ng4 18. Nxg4 Bxg4 19. Bg2 Qb6 20. Bf3 Bxf3 21. Qxf3
c5 22. Rdf1 Rf8 23. h5 cxd4 24. hxg6 fxg6 25. Qb3 Rxf1+ 26. Rxf1 Qb5 27. Rf2
Kd7 28. Qh3+ Kc7 29. Nf4 Rh8 30. Qg2 Be5 31. Nxg6 Rh2 32. Qg1 Bg3 33. Rxh2 Bxh2
34. Qg2 Bg3 35. Nf8 Qe5 36. Qf3 Bh4 37. Qg4 Qh2 38. Ne6+ Kb6 39. a4 bxa3 40.
bxa3 Bf2 41. g6 Qh1+ 42. Ka2 Qc1 43. Qe2 Be1 44. Qc4 Bc3 45. Qc7+ Kb5 46. Qb7+
Ka5 47. Qc7+ Kb5 48. Qb7+ Ka5 49. Qd5+ Kb6 50. Qb3+ Ka7 51. Qb1 Qe3 52. Nd8
Qxe4 53. g7 Qd5+ 54. Qb3 Qh1 55. Qb7+ Qxb7 56. Nxb7 d3 57. g8=Q d2 58. Qd5 1-0

[Event "IX Open"]
[Site "Condino ITA"]
[Date "2009.07.31"]
[Round "6"]
[White "Sigillo, Carmelo"]
[Black "Caputi, Nicola"]
[Result "0-1"]
[WhiteElo "1803"]
[BlackElo "2053"]
[PlyCount "88"]
[EventDate "2009.07.27"]

1. e4 c5 2. Nf3 Nc6 3. d3 g6 4. g3 Bg7 5. Bg2 e6 6. O-O Nge7 7. c3 O-O 8. Nh4
d6 9. f4 Qc7 10. g4 f5 11. gxf5 exf5 12. Nd2 Be6 13. exf5 Nxf5 14. Nxf5 Bxf5
15. Bd5+ Kh8 16. Ne4 Rae8 17. Ng3 Ne7 18. Nxf5 Nxf5 19. Be4 b6 20. Qg4 Qd7 21.
Bd2 d5 22. Bxf5 Rxf5 23. Rae1 Ref8 24. Qe2 Qa4 25. b3 Qa6 26. a4 Bf6 27. c4 d4
28. Qe6 Qb7 29. Qd6 Kg7 30. Re6 Rf7 31. Rfe1 Qf3 32. Qc6 Qxd3 33. Qg2 Qxb3 34.
a5 Qxc4 35. axb6 axb6 36. Rxb6 Qd5 37. Qf2 c4 38. Re8 d3 39. Rbb8 Qd4 40. Rg8+
Kh6 41. Be3 Qa1+ 42. Kg2 Qd1 43. Qg3 Qe2+ 44. Bf2 d2 0-1

[Event "IX Open"]
[Site "Condino ITA"]
[Date "2009.07.31"]
[Round "6"]
[White "Staresina, Mirko"]
[Black "Pandini, Claudio"]
[Result "1-0"]
[WhiteElo "1661"]
[BlackElo "1266"]
[PlyCount "85"]
[EventDate "2009.07.27"]

1. c4 c5 2. g3 Nc6 3. Bg2 e5 4. Nc3 Nf6 5. Nd5 Be7 6. d3 d6 7. a3 O-O 8. Bd2
Bg4 9. h3 Be6 10. e4 Nd4 11. Ne2 Nxe2 12. Qxe2 Rb8 13. b4 b6 14. O-O Qd7 15.
Kh2 Rfc8 16. f4 b5 17. Nxe7+ Qxe7 18. bxc5 Rxc5 19. Bb4 Rc6 20. fxe5 Ne8 21.
exd6 Nxd6 22. e5 Rcc8 23. Bxd6 Qe8 24. Bxb8 Rxb8 25. Rab1 a6 26. Rfc1 Bd7 27.
d4 f6 28. c5 Qe6 29. d5 Qf5 30. c6 Bc8 31. e6 Rb6 32. Rf1 Qg6 33. d6 a5 34. e7
Qe8 35. d7 Bxd7 36. cxd7 Qxd7 37. e8=R+ Kf7 38. Rbe1 Re6 39. Rxe6 Kg6 40. Qg4+
Kf7 41. Rexf6+ gxf6 42. Qxd7+ Kf8 43. Re8# 1-0

[Event "IX Open"]
[Site "Condino ITA"]
[Date "2009.07.31"]
[Round "6"]
[White "Stets, Dmitry"]
[Black "Di Paolo, Raffaele"]
[Result "0-1"]
[WhiteElo "2427"]
[BlackElo "2318"]
[PlyCount "78"]
[EventDate "2009.07.27"]

1. e4 e6 2. d4 d5 3. Nc3 Bb4 4. e5 c5 5. a3 Bxc3+ 6. bxc3 Ne7 7. Qg4 O-O 8. Bd3
Nbc6 9. Qh5 Ng6 10. Nh3 Qc7 11. O-O c4 12. Be2 b5 13. f4 f6 14. exf6 Rxf6 15.
g4 Bd7 16. f5 exf5 17. gxf5 Nge7 18. Bf4 Qc8 19. Be5 Nxe5 20. dxe5 Rh6 21. Qg5
Nxf5 22. Nf4 Qc5+ 23. Rf2 Rxh2 24. Raf1 Rxf2 25. Rxf2 h6 26. Qg2 Ne3 27. Qg3
Nf5 28. Qh3 Rf8 29. Bg4 Ne7 30. Kg2 Bxg4 31. Qxg4 Nf5 32. Qh3 d4 33. cxd4 Qxd4
34. Ng6 Ne3+ 35. Kg3 Rxf2 36. Qe6+ Rf7 37. Qe8+ Kh7 38. Qxf7 Qg4+ 39. Kf2 Qxg6
0-1

[Event "IX Open"]
[Site "Condino ITA"]
[Date "2009.07.31"]
[Round "6"]
[White "Volpinari, Danilo"]
[Black "Scharrer, Patrick"]
[Result "0-1"]
[WhiteElo "2056"]
[BlackElo "2280"]
[PlyCount "80"]
[EventDate "2009.07.27"]

1. d4 Nf6 2. Nc3 d5 3. Bg5 g6 4. Bxf6 exf6 5. e3 c6 6. Bd3 Bg7 7. Qf3 f5 8.
Nge2 Nd7 9. h3 Nf6 10. Nf4 O-O 11. O-O Ne4 12. Bxe4 fxe4 13. Qg3 f5 14. Nfe2
Kh8 15. f4 exf3 16. Rxf3 Qe7 17. a3 Bd7 18. Kh1 Rae8 19. Raf1 g5 20. Qf2 Qe6
21. Qg3 Qh6 22. Kg1 Rg8 23. Qf2 g4 24. hxg4 fxg4 25. Rf4 Rgf8 26. Qg3 Rxf4 27.
Rxf4 Bf8 28. Rf7 Qe6 29. Qf4 Bh6 30. Qe5+ Qxe5 31. dxe5 Bxe3+ 32. Kf1 Bc8 33.
Nd1 Kg8 34. Rc7 Bb6 35. Rxc8 Rxc8 36. Nf4 Re8 37. Nd3 c5 38. Nc3 c4 39. Nf4 d4
40. Ncd5 Rxe5 0-1

[Event "IX Open"]
[Site "Condino ITA"]
[Date "2009.07.31"]
[Round "6"]
[White "Weinberg, Emanuele"]
[Black "Lodi, Paolo"]
[Result "1-0"]
[WhiteElo "1883"]
[BlackElo "1706"]
[PlyCount "105"]
[EventDate "2009.07.27"]

1. d4 f5 2. c4 e6 3. g3 Nf6 4. Nc3 d5 5. Bg2 c6 6. Nf3 Bd6 7. b3 O-O 8. Bb2 Ne4
9. O-O Nd7 10. Nd2 Nxd2 11. Qxd2 Nf6 12. f3 Qe8 13. e4 Bb4 14. exd5 exd5 15.
Rfe1 Qf7 16. a3 Bxc3 17. Qxc3 Be6 18. c5 Bd7 19. Bc1 Nh5 20. Bg5 Nf6 21. Bf4
Rfe8 22. Qb4 Be6 23. Re2 a5 24. Qd2 h6 25. Bd6 a4 26. Qb4 axb3 27. Qxb3 Bc8 28.
Rae1 Rxe2 29. Rxe2 Be6 30. Rb2 Bc8 31. Qd3 Nh5 32. Rf2 Nf6 33. Bh3 g6 34. g4
Be6 35. gxf5 gxf5 36. Rg2+ Kh8 37. Bxf5 Bxf5 38. Qxf5 Rxa3 39. Re2 Ra1+ 40. Kf2
Ne4+ 41. fxe4 Qxf5+ 42. exf5 Ra8 43. Kf3 Rg8 44. Rb2 Rg5 45. Kf4 Rh5 46. Rxb7
Rxh2 47. Rc7 Re2 48. Be5+ Kg8 49. Kf3 Re4 50. Rxc6 h5 51. Rc8+ Kf7 52. c6 h4
53. c7 1-0

[Event "IX Open"]
[Site "Condino ITA"]
[Date "2009.07.31"]
[Round "6"]
[White "Zuccaro, Guido"]
[Black "Ravazzolo, Gaia"]
[Result "1/2-1/2"]
[WhiteElo "1705"]
[BlackElo "1698"]
[PlyCount "62"]
[EventDate "2009.07.27"]

1. c4 c6 2. Nc3 d5 3. cxd5 cxd5 4. g3 Nf6 5. Bg2 Nc6 6. Nf3 Bf5 7. d3 e6 8. Qa4
Be7 9. e4 dxe4 10. dxe4 Bg6 11. Ne5 Qd4 12. Nxg6 Qxa4 13. Nxa4 hxg6 14. O-O O-O
15. h3 Rfd8 16. Be3 Nd7 17. Rac1 Rac8 18. Rfd1 Bb4 19. a3 Be7 20. b4 b5 21. Nc3
a6 22. f4 e5 23. Nd5 Bf6 24. f5 gxf5 25. exf5 Nd4 26. Nxf6+ Nxf6 27. Rxc8 Rxc8
28. Bxd4 exd4 29. Rxd4 Rc3 30. g4 Rxa3 31. Kh2 Re3 1/2-1/2

[Event "IX Open"]
[Site "Condino ITA"]
[Date "2009.08.01"]
[Round "7"]
[White "Bini, Massimo"]
[Black "Volpinari, Danilo"]
[Result "0-1"]
[WhiteElo "2066"]
[BlackElo "2056"]
[PlyCount "90"]
[EventDate "2009.07.27"]

1. d4 g6 2. Nf3 Bg7 3. Bf4 Nf6 4. h3 d6 5. e3 O-O 6. Be2 Nfd7 7. c3 e5 8. dxe5
dxe5 9. Bh2 Nc6 10. O-O Qe7 11. Nbd2 f5 12. a4 a6 13. Nc4 e4 14. Nd4 Nce5 15.
Qc2 Kh8 16. Rfd1 g5 17. Rd2 Nxc4 18. Bxc4 Ne5 19. Be2 Ng6 20. Bf1 Be5 21. Bxe5+
Qxe5 22. Rad1 c5 23. Ne2 Be6 24. c4 Rae8 25. Nc3 Nh4 26. Nd5 Ng6 27. Nc3 Qg7
28. Nd5 Ne5 29. a5 Rf7 30. b3 h5 31. Nc3 h4 32. Rd8 Rff8 33. Rxe8 Rxe8 34. Be2
Qc7 35. Qb2 Qg7 36. Kh1 Kh7 37. Na4 Rc8 38. Rd6 Bf7 39. Qd2 g4 40. Nb6 gxh3 41.
g3 hxg3 42. fxg3 Qxg3 43. Bg4 Nxg4 44. Rh6+ Kxh6 45. Qd6+ Qxd6 0-1

[Event "IX Open"]
[Site "Condino ITA"]
[Date "2009.08.01"]
[Round "7"]
[White "Bonugli, Carlo"]
[Black "Facchetti, Lorenzo"]
[Result "1/2-1/2"]
[WhiteElo "2003"]
[BlackElo "1807"]
[PlyCount "147"]
[EventDate "2009.07.27"]

1. e4 e5 2. Bc4 Bc5 3. Nc3 Nf6 4. d3 d6 5. Nf3 Be6 6. Bb3 h6 7. d4 exd4 8. Nxd4
Bxb3 9. axb3 O-O 10. O-O Re8 11. Nf5 a6 12. Qf3 Kh8 13. Bf4 Qd7 14. Rad1 Nc6
15. Qh3 Rg8 16. g4 Rae8 17. Nd5 Nh7 18. Rfe1 Ne5 19. Kg2 c6 20. Nc3 Qe6 21. Be3
h5 22. f3 Bxe3 23. Rxd6 Ng6 24. Kh1 hxg4 25. fxg4 Qe5 26. Qxe3 Ne7 27. Rd7 Nxf5
28. gxf5 Re7 29. Rxe7 Qxe7 30. Qf4 Re8 31. Re3 Kg8 32. Rg3 f6 33. h4 Qe5 34.
Qxe5 Rxe5 35. Rd3 Re7 36. Kg2 Kf7 37. Kf3 g6 38. fxg6+ Kxg6 39. Kf4 Kh5 40. Rd1
Nf8 41. Kf5 Nd7 42. Rg1 Kxh4 43. Rg8 Re5+ 44. Kf4 Kh5 45. Ne2 Nc5 46. Ng3+ Kh6
47. b4 Ne6+ 48. Ke3 c5 49. bxc5 Rxc5 50. c3 a5 51. Nf5+ Kh7 52. Re8 Re5 53.
Re7+ Kg6 54. Rxb7 Rxe4+ 55. Kxe4 Nc5+ 56. Kd5 Nxb7 57. Ne3 Kg5 58. Kc6 Nd8+ 59.
Kb5 Kf4 60. Nd5+ Ke5 61. Nxf6 Kxf6 62. Kxa5 Ke6 63. Kb6 Kd5 64. b3 Ne6 65. Kb5
Nc7+ 66. Kb4 Kc6 67. Kc4 Kb6 68. Kd4 Nb5+ 69. Kc4 Nd6+ 70. Kb4 Ne4 71. c4 Nc5
72. Kc3 Nxb3 73. Kxb3 Kc5 74. Kc3 1/2-1/2

[Event "IX Open"]
[Site "Condino ITA"]
[Date "2009.08.01"]
[Round "7"]
[White "Buglisi, Massimo"]
[Black "Staresina, Mirko"]
[Result "1-0"]
[WhiteElo "1938"]
[BlackElo "1661"]
[PlyCount "88"]
[EventDate "2009.07.27"]

1. d4 b6 2. c4 e6 3. Nc3 Bb7 4. e4 Bb4 5. Qc2 Ne7 6. Bd3 Nbc6 7. Nge2 d5 8.
cxd5 exd5 9. e5 Ng6 10. O-O O-O 11. f4 f5 12. Bxf5 Bxc3 13. bxc3 Ba6 14. Bxg6
hxg6 15. Rf3 Ne7 16. Ba3 Rc8 17. Ng3 c5 18. Qf2 Qd7 19. dxc5 Rc6 20. cxb6 Rxb6
21. Qc5 Re8 22. Re1 Qe6 23. Ne2 Nf5 24. Nd4 Nxd4 25. Qxd4 Bc4 26. Qf2 Qf5 27.
Bb4 Rb7 28. h3 a5 29. g4 Qd7 30. Bd6 Qa4 31. a3 Rd7 32. Rb1 Rxd6 33. exd6 Re2
34. Rb8+ Re8 35. Rxe8+ Qxe8 36. Re3 Qd8 37. Re6 d4 38. Rxg6 Bf7 39. Rg5 dxc3
40. Qd4 g6 41. Rc5 Qb8 42. Qxc3 Qb1+ 43. Kh2 Qe4 44. Rc8+ Be8 1-0

[Event "IX Open"]
[Site "Condino ITA"]
[Date "2009.08.01"]
[Round "7"]
[White "Caputi, Nicola"]
[Black "De Nisi, Roberta"]
[Result "1-0"]
[WhiteElo "2053"]
[BlackElo "1885"]
[PlyCount "73"]
[EventDate "2009.07.27"]

1. c4 e5 2. Nc3 f5 3. Nf3 d6 4. d4 e4 5. Ng5 h6 6. Nh3 g5 7. e3 Nf6 8. Be2 Be6
9. Qb3 Qc8 10. Bd2 Na6 11. f3 c6 12. fxe4 fxe4 13. Nf2 d5 14. O-O Nc7 15. Nh1
Be7 16. Be1 dxc4 17. Bxc4 Bxc4 18. Qxc4 Ncd5 19. Bd2 Qe6 20. Ng3 O-O-O 21. Nf5
Bf8 22. a3 Ne8 23. b4 Nd6 24. Nxd6+ Bxd6 25. b5 Bc7 26. bxc6 bxc6 27. Qa6+ Kd7
28. Na4 Qd6 29. Nc5+ Ke7 30. g3 Qg6 31. Rf2 h5 32. Raf1 Rh7 33. Qxa7 g4 34. Rf4
Nxf4 35. Qxc7+ Ke8 36. Qxf4 Ke7 37. Qe5+ 1-0

[Event "IX Open"]
[Site "Condino ITA"]
[Date "2009.08.01"]
[Round "7"]
[White "Carfagna, Alex"]
[Black "De Bellis, Aldo"]
[Result "1-0"]
[WhiteElo "1560"]
[BlackElo "1698"]
[PlyCount "83"]
[EventDate "2009.07.27"]

1. e4 e6 2. d4 d5 3. e5 c5 4. c3 Nc6 5. Nf3 Qb6 6. a3 Bd7 7. b4 cxd4 8. cxd4
Nge7 9. Be2 Nf5 10. Be3 Be7 11. O-O O-O 12. Nc3 a6 13. Rc1 Rac8 14. Na4 Qd8 15.
Nc5 Bxc5 16. bxc5 Nh4 17. Nxh4 Qxh4 18. Rb1 Rb8 19. g3 Qd8 20. Bd3 f5 21. exf6
Qxf6 22. Qg4 Qf3 23. Qxf3 Rxf3 24. Bxa6 Nd8 25. Bb5 Rf7 26. Bf4 Bxb5 27. Bxb8
Bxf1 28. Rxf1 Nc6 29. Be5 Nxe5 30. dxe5 Rc7 31. Rc1 Kf7 32. f4 g6 33. Kf2 Ke8
34. Ke3 Kd7 35. Rb1 Kc8 36. Kd4 Rc6 37. g4 Kc7 38. f5 Ra6 39. fxe6 Rxe6 40.
Kxd5 Re8 41. Rf1 Re7 42. e6 1-0

[Event "IX Open"]
[Site "Condino ITA"]
[Date "2009.08.01"]
[Round "7"]
[White "De Polzer, Manfredi"]
[Black "Cesati Cassin, Giorgio"]
[Result "1/2-1/2"]
[WhiteElo "1813"]
[BlackElo "1425"]
[PlyCount "20"]
[EventDate "2009.07.27"]

1. e4 c5 2. Nf3 Nc6 3. c3 Nf6 4. d4 cxd4 5. cxd4 Nxe4 6. Bd3 d5 7. O-O g6 8.
Re1 Bf5 9. Bxe4 dxe4 10. Nh4 Nxd4 1/2-1/2

[Event "IX Open"]
[Site "Condino ITA"]
[Date "2009.08.01"]
[Round "7"]
[White "Di Paolo, Raffaele"]
[Black "Beccaris, Gabriele"]
[Result "1-0"]
[WhiteElo "2318"]
[BlackElo "2037"]
[PlyCount "73"]
[EventDate "2009.07.27"]

1. e4 d6 2. d4 Nf6 3. Nc3 g6 4. Nf3 e5 5. Bg5 exd4 6. Nxd4 Bg7 7. Qd2 O-O 8.
O-O-O Re8 9. f3 a6 10. g4 b5 11. h4 Bb7 12. h5 Nbd7 13. Bh6 Bxh6 14. Qxh6 Qe7
15. Bh3 Qf8 16. Qg5 Rad8 17. Qh4 Kh8 18. g5 Ng8 19. hxg6 fxg6 20. Ne6 Rxe6 21.
Bxe6 Qg7 22. Bxd7 Rxd7 23. Nd5 Bxd5 24. exd5 Ne7 25. Rde1 Rd8 26. Qxh7+ Qxh7
27. Rxh7+ Kxh7 28. Rxe7+ Kh8 29. Rxc7 Rf8 30. Rc6 Rxf3 31. Rxd6 Rf5 32. Rxg6
Rxd5 33. Rxa6 Rxg5 34. a4 Rg1+ 35. Kd2 Rg2+ 36. Kc3 Rg3+ 37. Kb4 1-0

[Event "IX Open"]
[Site "Condino ITA"]
[Date "2009.08.01"]
[Round "7"]
[White "Dieli, Riccardo"]
[Black "Zerba, Fabio"]
[Result "0-1"]
[WhiteElo "1907"]
[BlackElo "1482"]
[PlyCount "82"]
[EventDate "2009.07.27"]

1. Nf3 e6 2. d4 Nf6 3. Nc3 Bb4 4. a3 Bxc3+ 5. bxc3 O-O 6. Bg5 d6 7. e3 b6 8.
Bd3 Bb7 9. e4 h6 10. Bh4 g5 11. Nxg5 Nxe4 12. Qh5 hxg5 13. Bxe4 Bxe4 14. Bxg5
f6 15. Bh6 Qe8 16. Qg4+ Qg6 17. Qxe6+ Rf7 18. f3 Bxc2 19. Qg4 Qxg4 20. fxg4 Nd7
21. O-O Re8 22. h4 Rh7 23. g5 fxg5 24. Bxg5 Rf7 25. Rfe1 Rxe1+ 26. Rxe1 Nf6 27.
c4 Kg7 28. c5 dxc5 29. dxc5 Ne4 30. cxb6 cxb6 31. Be3 Nf6 32. Rc1 Rc7 33. a4
Nd5 34. Bd4+ Kh7 35. Be5 Re7 36. Bd6 Rd7 37. a5 Rxd6 38. Rxc2 b5 39. a6 b4 40.
g4 Rxa6 41. Rc5 b3 0-1

[Event "IX Open"]
[Site "Condino ITA"]
[Date "2009.08.01"]
[Round "7"]
[White "Dittmar, Peter"]
[Black "Marguerettaz, Davy"]
[Result "1-0"]
[WhiteElo "2357"]
[BlackElo "2048"]
[PlyCount "149"]
[EventDate "2009.07.27"]

1. Nf3 Nf6 2. b3 g6 3. Bb2 Bg7 4. g3 O-O 5. Bg2 d6 6. d4 Nbd7 7. O-O c6 8. Nbd2
Re8 9. a4 Qc7 10. e4 e5 11. dxe5 Nxe5 12. Nxe5 dxe5 13. Nc4 Bg4 14. Qd6 Qxd6
15. Nxd6 Re7 16. f3 Be6 17. Rad1 Ne8 18. Rd3 Nxd6 19. Rxd6 Rd7 20. Rxd7 Bxd7
21. Rd1 Be6 22. Bf1 Kf8 23. Bc1 Bf6 24. Be3 Ke8 25. Ra1 Be7 26. a5 Bb4 27. Ra4
Bc3 28. Bd3 Kd7 29. Kf1 Kd6 30. Ke2 c5 31. Bc4 Bxc4+ 32. bxc4 Kc6 33. Bg5 b6
34. axb6 Kxb6 35. Kd3 Bd4 36. c3 Bg1 37. Ra2 f6 38. Bd2 Bxh2 39. Be1 Rd8+ 40.
Ke2 Bg1 41. Bd2 f5 42. Kf1 Rd3 43. Kxg1 Rxf3 44. Kg2 fxe4 45. Be1 Rd3 46. Re2
a5 47. Rb2+ Ka6 48. Kf1 e3 49. Rb5 a4 50. Ke2 e4 51. g4 h5 52. gxh5 gxh5 53.
Rb8 Ka7 54. Rb1 Ka6 55. Ra1 Ka5 56. Ra3 Rd7 57. Kxe3 Ra7 58. Bh4 Kb6 59. Kxe4
Kc6 60. Kf5 Kd6 61. Bg3+ Ke7 62. Kg5 Ke6 63. Bf2 Ra5 64. Kf4 Kf6 65. Ke4 Ke6
66. Be3 h4 67. Bc1 Kd6 68. Ra2 a3 69. Rxa3 Rxa3 70. Bxa3 h3 71. Kf3 h2 72. Kg2
Ke5 73. Bxc5 Ke4 74. Bd6 h1=Q+ 75. Kxh1 1-0

[Event "IX Open"]
[Site "Condino ITA"]
[Date "2009.08.01"]
[Round "7"]
[White "Forno, Roberto"]
[Black "Popa, Claudiu"]
[Result "0-1"]
[WhiteElo "1946"]
[BlackElo "2233"]
[PlyCount "116"]
[EventDate "2009.07.27"]

1. d4 d5 2. c4 c6 3. cxd5 cxd5 4. Nc3 Nf6 5. Nf3 g6 6. Bg5 Bg7 7. e3 O-O 8. Be2
Nc6 9. O-O Ne4 10. Nxe4 dxe4 11. Nd2 h6 12. Bh4 g5 13. Bg3 f5 14. h3 Be6 15.
Bh2 Bd5 16. a3 Qd7 17. b4 Qe6 18. Rc1 Rac8 19. Rc5 Kh8 20. Bc4 Bxc4 21. Nxc4
Nxd4 22. Rxc8 Rxc8 23. Na5 b6 24. Nb7 Qd5 25. exd4 Qxb7 26. Qh5 f4 27. g3 f3
28. g4 Qc6 29. Be5 Bxe5 30. dxe5 Kg7 31. h4 Qg6 32. Kh2 Qxh5 33. gxh5 gxh4 34.
Kh3 Kf7 35. Kg4 Ke6 36. Kf4 Rc4 37. Rg1 e3+ 38. Kxe3 Kxe5 39. Kxf3 Rf4+ 40. Ke3
Rf5 41. Rg7 Rxh5 42. Rxe7+ Kf6 43. Rc7 h3 44. Rc1 h2 45. Rh1 Rh3+ 46. Kf4 h5
47. f3 Kg6 48. b5 Kf6 49. a4 Kg6 50. Ke4 Kg5 51. f4+ Kf6 52. Kd5 Kf5 53. Kc6
Kxf4 54. Kb7 Kg3 55. Kxa7 Rh4 56. Kxb6 Rxa4 57. Rb1 Ra2 58. Kc7 Kg2 0-1

[Event "IX Open"]
[Site "Condino ITA"]
[Date "2009.08.01"]
[Round "7"]
[White "Fragni, Enrico"]
[Black "Battiston, Claudio"]
[Result "0-1"]
[WhiteElo "1762"]
[BlackElo "2001"]
[PlyCount "92"]
[EventDate "2009.07.27"]

1. e4 Nf6 2. Nc3 e5 3. Nf3 Nc6 4. Bb5 Bb4 5. Bxc6 dxc6 6. O-O Qe7 7. d3 Bg4 8.
h3 Bh5 9. Bg5 O-O-O 10. a3 Bxc3 11. bxc3 h6 12. Be3 Nxe4 13. g4 Bg6 14. Qe1 Nd6
15. Bc5 Rhe8 16. Qe3 b6 17. Bxd6 Rxd6 18. Rfe1 f6 19. a4 a5 20. Rab1 h5 21. Nh4
Bh7 22. Nf5 Bxf5 23. gxf5 g6 24. Qe4 Qd7 25. fxg6 Qxh3 26. Qg2 Qxg2+ 27. Kxg2
Rg8 28. Kf3 Rxg6 29. Rh1 Rg5 30. Rh4 Kd7 31. Rbh1 Ke6 32. Rxh5 Rxh5 33. Rxh5 b5
34. axb5 cxb5 35. Rh8 Ra6 36. Rh1 a4 37. Ra1 a3 38. Ra2 Kd5 39. Ke3 c5 40. f3
b4 41. c4+ Ke6 42. f4 Ra8 43. Ke4 f5+ 44. Ke3 Rh8 45. fxe5 Kxe5 46. c3 Rh3+ 0-1